Star Alliance - Statistics

General Stats
  • This quiz has been taken 14 times
  • The average score is 15 of 25
Answer Stats
Answer % Correct
Lufthansa
91%
Turkish Airlines
91%
Air Canada
82%
United Airlines
82%
Aegean Airlines
73%
Air China
73%
Air India
73%
Air New Zealand
73%
Brussels Airlines
73%
Swiss International Air Lines
73%
Austrian Airlines
64%
LOT Polish Airlines
64%
TAP Air Portugal
64%
Thai Airways International
64%
All Nippon Airways
55%
Asiana Airlines
55%
Egyptair
55%
Ethiopian Airlines
55%
Singapore Airlines
55%
South African Airways
55%
Avianca
45%
Croatia Airlines
45%
Copa Airlines
27%
EVA Air
27%
Shenzhen Airlines
27%
No matching quizzes found
Score Distribution
Percent of People with Each Score
Percentile by Number Answered
Your Score History
You have not taken this quiz